Семіотичне і прагматичне розуміння художнього тексту (на прикладі оповідання У. Фолкнера "Троянда для Емілі" ) (Запис № 283445)

МАРК-запис
000 -LEADER
fixed length control field 01906nam a22001577a 4500
041 ## - LANGUAGE CODE
Language code of text/sound track or separate title ukr
080 ## - UNIVERSAL DECIMAL CLASSIFICATION NUMBER
Universal Decimal Classification number 09
090 ## - LOCALLY ASSIGNED LC-TYPE CALL NUMBER (OCLC); LOCAL CALL NUMBER (OCLC)
Local cutter number (OCLC) ; Book number/undivided call number, CALL (RLIN) МАК
100 ## - MAIN ENTRY--PERSONAL NAME
Personal name Максимчук Альона Станіславівна
245 ## - TITLE STATEMENT
Title Семіотичне і прагматичне розуміння художнього тексту (на прикладі оповідання У. Фолкнера "Троянда для Емілі" )
260 ## - PUBLICATION, DISTRIBUTION, ETC. (IMPRINT)
Place of publication, distribution, etc Острог
Name of publisher, distributor, etc КАФ
Date of publication, distribution, etc 2006
300 ## - PHYSICAL DESCRIPTION
Extent 80
520 ## - SUMMARY, ETC.
Summary, etc Розділ 1. Семіотика у складі філологічної герменевтики<br/>1.1. Структурна семіотика як один із літературознавчих підходів<br/>1.2. Семіотика і розуміння твору словесно-художньої творчості<br/>Розділ 2. Текст як модель комунікативного акту у спілкуванні автора та читача<br/>2.1. Система, форми та суперечності тексту як моделі кумунікативного акту<br/>2.2. Діяльність автора і читача у процесі здійснення комунікативного акту<br/>2.3. Підструктури тексту<br/>2.3.1. Горизонтальна будова тексту<br/>2.3.2. Вертикальна будова тексту<br/>2.3.3. Глибинна будова тексту<br/>Розділ 3. Аналіз оповідання У.Фолкнера "Троянда для Емілі"<br/>3.1. Описова семіотика в оповіданні У.Фолкнера "Троянда для Емілі"<br/>3.2. Оповідання "Троянда для Емілі" як предмет філологічного читання
-- комунікація, герменевтика, література
650 ## - SUBJECT ADDED ENTRY--TOPICAL TERM
Topical term or geographic name as entry element Research Papers
942 ## - ADDED ENTRY ELEMENTS (KOHA)
Koha item type Книги
Фонди
Withdrawn status Lost status Source of classification or shelving scheme Damaged status Not for loan Home library Current library Date acquired Source of acquisition Coded location qualifier Cost, normal purchase price Total Checkouts Full call number Barcode Date last seen Price effective from Koha item type
    Universal Decimal Classification     ВІЛ - Відділ іноземн. літератури НБ ВІЛ - Відділ іноземн. літератури НБ 29/01/2019 Ретроспекція В23 1.00   09 212261 15/12/2021 29/01/2019 Книги